| 000 | 00387 a2200121 4500 | ||
|---|---|---|---|
| 001 | 90968 | ||
| 082 | _aPR 1774 | ||
| 090 |
_c43106 _d43106 |
||
| 100 | _aAhmed Hussain; Dr. Ali Javed Hashmi and Dr. Jehanzeb Burki (Advisors) | ||
| 245 |
_aModeling and Simulation of DSP Algorithms of Generic Airborn Radar _n76th 'B' EC |
||
| 260 |
_aRawalpindi _bNUST _c2014 |
||
| 500 | _aBE Project Reports | ||
| 942 |
_aCAE NUST _kPR 1774 |
||
| 999 |
_c326041 _d326041 |
||